Microprocessor architecture, programming and applications with 8085 (Record no. 212516)

MARC details
000 -LEADER
fixed length control field 00545nam a2200193Ia 4500
008 - FIXED-LENGTH DATA ELEMENTS--GENERAL INFORMATION
fixed length control field 231221s9999 xx 000 0 und d
020 ## - INTERNATIONAL STANDARD BOOK NUMBER
International Standard Book Number 9790000000000
041 ## - LANGUAGE CODE
Language code of text/sound track or separate title English
082 ## - DEWEY DECIMAL CLASSIFICATION NUMBER
Classification number 001.6404 GAO;86
100 ## - MAIN ENTRY--PERSONAL NAME
Personal name Gaonkar, Ramesh S.
245 #0 - TITLE STATEMENT
Title Microprocessor architecture, programming and applications with 8085
250 ## - EDITION STATEMENT
Edition statement 5th ed.
260 ## - PUBLICATION, DISTRIBUTION, ETC.
Date of publication, distribution, etc. 2010
Name of publisher, distributor, etc. Penram International
Place of publication, distribution, etc. Mumbai
300 ## - PHYSICAL DESCRIPTION
Extent x, 820
300 ## - PHYSICAL DESCRIPTION
Dimensions 77265
500 ## - GENERAL NOTE
General note SC-ST(1875)
650 ## - SUBJECT ADDED ENTRY--TOPICAL TERM
Topical term or geographic name entry element Microprocessor,architecture,,programming,8085
942 ## - ADDED ENTRY ELEMENTS (KOHA)
Koha item type Compact Disks
Holdings
Date last seen Total checkouts Full call number Accession number Price effective from Category Lost status Damaged status Department Withdrawn status Home library Current library Shelving location Entry date Vendor Grants Billnumber Billdate Currency symbol Conversion rate Discount Old discount
26/01/2024   001.6404 GAO;86 CD5531 26/01/2024 Compact Disks     Central Library   Central Library Central Library SC-ST   Sapna Book House SC-ST SBH/CRB/069808 19/11/2015 RS 1    
26/01/2024   001.6404 GAO;87 CD5532 26/01/2024 Compact Disks     Central Library   Central Library Central Library SC-ST   Sapna Book House SC-ST SBH/CRB/069808 19/11/2015 RS 1    

© For any Suggestions or Query, please contact the library staff @ librarian@pes.edu or Phone: +9180 2672 1983/ 2108.